Statistics for Gladiator Deaths

Click here to take the quiz!

General Stats

  • This quiz has been taken 99 times
  • The average score is 3 of 8

Answer Stats

ClueAnswer% Correct
Main Character, killed in the final arena fight.Maximus
98%
Roman Emperor/ Dictator son to starting emperor.Commodus
66%
Murdered by his son. Roman Emperor.Marcus Aurelius
57%
Gladiator who won his freedom and bought main character from slave market.Proximo
40%
Faithful servant of Maximus' who come's to find him.Cicero
16%
Child of Main characterMaximus' son
6%
Wife to main character.Maximus' wife
6%
German Barbarian, who fights alongside Maximus in the arena's.Hagan
2%

Score Distribution

Percentile by Number Answered

Percent of People with Each Score

Your Score History

You have not taken this quiz